000 00365nam a22001457a 4500
999 _c7849
_d7849
003 OSt
005 20200526151312.0
008 200526b ||||| |||| 00| 0 eng d
020 _a9781864704655
082 _a728.099CRA
100 _a Crafti, Stephen
245 _a Reviving : great houses from the past
260 _bImages Publishing Group Pty Ltd
942 _2ddc